01082nam a2200193Ia 4500001001100000003001000011008004100021040002500062041001300087100001800100245001900118250001100137260006300148300001200211500026000223501011400483520026000597650003100857L922-42250IT-CnALBA170116s9999||||xx |||||||||||||| ||und|| aIT-CnALBAcIT-CnALBA aITALIANO aGRIMM HERMANN 0aMICHELANGELO.  a1a ed. aMILANObDALL'OGLIO CORBACCIO EDITORE c1957 [1° Ed.:1957] a463 p.  aTRADUZIONE DAL TEDESCO. INDICE ILLUSTRAZIONI. ATENE E FIRENZE. FONTI DELLA VITA. FAMIGLIA BUONARROTI. E LORENZO IL MAGNIFICO. IL SAVONAROLA. FRANCESI IN ITALIA. A BOLOGNA. RITIRATA DI CARLO VIII. IL CARNEVALE 1496. A ROMA. I BORGIA. ARTISTI A ROMA. SAVONA aSocietà San Paolo EM - Piazza San Paolo, 14 - 12051 ALBA (CN) (non commercial uses only) ® Copyright 2017 aTRADUZIONE DAL TEDESCO. INDICE ILLUSTRAZIONI. ATENE E FIRENZE. FONTI DELLA VITA. FAMIGLIA BUONARROTI. E LORENZO IL MAGNIFICO. IL SAVONAROLA. FRANCESI IN ITALIA. A BOLOGNA. RITIRATA DI CARLO VIII. IL CARNEVALE 1496. A ROMA. I BORGIA. ARTISTI A ROMA. SAVONA aBIOGRAFIE, UOMINI ILLUSTRI